Quizzes
Events
Quiz Creation
Community
Videos
Private Events
Remove Ads
Sign In
Join for FREE
Feedback
Dark Mode
Quiz Categories
Sports
Geography
Music
Movies
Television
Just For Fun
Miscellaneous
History
Literature
Language
Science
Gaming
Entertainment
Religion
Holiday
For Kids
Quiz Lab
Recent
Popular Today
Quiz Kudos Today
Editor Picks
Curator Picks
Quizzes by...
Day
Popularity
Type
Ratings
Length
Year
Community
Subscriptions
Recent Discussions
Orange Saloon
Badges
Playlists
Quests
Create
Leaderboards
Showdown
Live 5
Trivia Bingo
Activity
Puzzle Library
Sporcle Events
Private Events
Virtual Trivia
Globe League
Become a Host
Pub Owners
SporcleCon
Opinionation
Our Games
Videos
Blog
Mobile Apps
Partnerships
Remove Ads and Go Orange
Feedback
Geography
Country
Landmarks
City
State
Population
World
Capital
Continent
Flags
Europe
Africa
Asia
South America
North America
Oceania
Border
Canada
United Kingdom
Topography
United States
Geography
Country
Landmarks
City
State
Population
World
Capital
Continent
Flags
Europe
Africa
Asia
South America
North America
Oceania
Border
Canada
United Kingdom
Topography
United States
Random Quiz
Search Sporcle
×
Quiz Lab
Quiz Lab
Geography
City
Type in answers that appear in a list
Type in answers that appear in a list
Classic
Best Score? Go Orange.
Most Populous World Cities by Length Stats
Can you name the World Cities by Length?
By
urxc08
12m
56 Questions
3,298 Plays
3,298 Plays
3,298 Plays
Comments
Comments
Give Quiz Kudos
Give Quiz Kudos
-
- Ratings
hide this ad
More Info
Replay
Link that replays current quiz
Next Quiz
Link to next quiz in quiz playlist
You Got
0%
They Got
Avg Score
52%
Avg Friend Score
Upgrade to see
Score Distribution
Jump to the score distribution portion of the page
Score
0/56
Timer
12:00
0
Plays Today
% Correct
New York, USA
96.3%
Tokyo, Japan
94.5%
London, UK
92.3%
Los Angeles, USA
91.2%
Moscow, Russia
89.3%
Beijing, China
89.2%
Mexico City, Mexico
88.1%
Shanghai, China
85.3%
Mumbai, India
85.1%
Rio de Janeiro, Brazil
81.1%
Cairo, Egypt
80.8%
São Paulo, Brazil
80.6%
Buenos Aires, Argentina
80.2%
Rome, Italy
78.2%
Delhi, India
77.7%
Seoul, South Korea
76.5%
Jakarta, Indonesia
75.6%
Istanbul, Turkey
71.7%
Lima, Peru
68.5%
Osaka, Japan
68.1%
St Petersburg, Russia
68%
Kolkata, India
67.7%
Tehran, Iran
66.8%
Manila, Philippines
64.9%
Johannesburg, South Africa
64.8%
Karachi, Pakistan
60.6%
San Francisco, USA
60.6%
Kiev, Ukraine
49.9%
% Correct
Guangzhou, China
49%
Kuala Lumpur, Malaysia
47.5%
Kinshasa, DRC
47.4%
Philadelphia, USA
46%
Ho Chi Minh City, Vietnam
45.8%
Bangalore, India
44.3%
Washington, USA
43.8%
Xi'an, China
41.5%
Guadalajara, Mexico
38.8%
Belo Horizonte, Brazil
37.4%
Hyderabad, India
37.4%
Alexandria, Egypt
37.3%
Ahmedabad, India
27.8%
Porto Alegre, Brazil
26.1%
Guatemala City, Guatemala
25.5%
Pune, India
24.3%
Shenzhen, China
23.7%
Ufa, Russia
22.6%
Chongqing, China
21%
Fez, Morocco
20.6%
Minneapolis, USA
19.7%
Chittagong, Bangladesh
18.4%
Nižnij Novgorod, Russia
18%
Yekaterinburg, Russia
13.4%
Qom, Iran
12%
Dnipropetrovsk, Ukraine
9.5%
Virginia Beach, USA
8.2%
Vishakhapatnam, India
3.7%
Quiz Playlist
Details
Report
Send in Message
Add To Playlist
More Info:
Name the 5 (or less) largest city agglomerations by length of their common sporcle spelling (>1million)
Classic:
Type in answers that appear in a list
Quiz Source
Last Updated: Aug 21, 2017
Quiz Scoreboard
CHALLENGE
Sign Up to Join the Scoreboard
Show All
Scores
Hide
Comments
May contain spoilers
Recently Published
College Basketball Coaching Resumes
by pancakes188
Sports
9m
Billboard Blitz: Fleetwood Mac
by CooCooCachoo
Music
15s
Presidents Visiting Landmarks
by Hejman
History
7m
More to Explore
Quiz From the Vault
Featured Blog Post
Where Did the Easter Bunny Come From?
hide this ad
You Might Also Like...
Tags
City Quiz
World Quiz
length
World Cities
Today's Top Quizzes in Geography
Browse Geography
hide this ad
Today's Top Quizzes in City
Browse City
Top Contributed Quizzes in Geography
1
Countries of the World - No Outlines Minefield
2
Top 25 Cities of France on a map
3
Any capital of a 'B' country per Continent
4
Any capital of a 'C' country per Continent
5
Closest Countries to UK A-Z
6
Any capital of a 'D' country per Continent
7
5-to-1: US Geography No Hints
8
Any capital of an 'E' country per Continent
9
One Thing in Common: United Kingdom
10
Click the Alabama Counties! (Map)
Explore More
Trending Topics
Crossword
Marvel
Disney
Harry Potter
Kpop
NBA
Anime
Song
The Office
Pokémon
Puzzle
NFL
WWE
Soccer
Country
hide this ad
More By:
urxc08
Quiz
Plays
Rating
Category
Featured
Created
Most Populous World Cities by Length
3,298
4.44
Geography
Feb 10, 2010
Populous World Cities by Latitudes
1,250
4.49
Geography
Feb 11, 2010
US Cities by State and Length
314
3.78
Geography
Feb 11, 2010
Go to Creator's Profile
Score Distribution
Quiz Creator Spotlight
urxc08
Follow
Send a Message
Quizzes Created
-
Created Quiz Play Count
-
More By This Creator
Popular Quizzes Today
1
Find the US States - No Outlines Minefield
2
Find the Countries of Europe - No Outlines Minefield
3
The Countries of the World
4
Find the US States
5
Risky Map Clicking: Biggest States A-Z
6
US States
7
Popular People in 1961
8
Movies - When Are They Set?
More Geography Quizzes
'L' Countries by Area Minefield Blitz
Published
Trending Quizzes
Risky Map Clicking: Least Populous States A-Z
1-10 Letter G Words
1-10 Letter F Words
Risky Map Clicking: Next State Alphabetically
Click the Washington State Counties! (Map)
Recently Updated
Leaping Animals
pecheneg
Reality TV Shows (A-Z)
bhenderson79
Rickey Henderson's Hall of Fame Teammates
pecheneg
Champions League XIs: Arsenal
pecheneg
Quick Pick: Celebrities in WWE's Hall of Fame
aduchscher
A-Z Keypad Blitz II
pecheneg
Multiple Oscar Actors
pecheneg
Mystery Phrase Blitz: Oscar 'Best Actors'
pecheneg
F. Scott Fitzgerald Novels
LTH
Pick 3 Villains
ddd62291
Trending Topics
Disney
Kpop
Anime
Crossword
Marvel
Harry Potter
NBA
Soccer
Puzzle
NFL
Country
Pokémon
WWE
The Office
Song
Your Account Isn't Verified!
In order to create a playlist on Sporcle, you need to verify the email address you used during registration. Go to your
Sporcle Settings
to finish the process.
Report this User
Report this user for behavior that violates our
Community Guidelines
.
Details:
Send Report
Go to the Sporcle.com Mobile Site →
Comments